[Event "ICS rated standard match"]
[Site "204.178.125.65"]
[Date "2000.10.31"]
[Round "?"]
[White "Hossa"]
[Black "Interceptor"]
[Result "0-1"]
[WhiteElo "2412"]
[BlackElo "2658"]
[PlyCount "110"]
[EventDate "2000.??.??"]

1. d4 Nf6 2. c4 g6 3. Nf3 Bg7 4. Nc3 d5 5. e3 O-O 6. cxd5 Nxd5 7. Be2 c5 8. Qb3
e6 9. Nxd5 Qxd5 10. Bc4 Qh5 11. dxc5 Nd7 12. O-O Nxc5 13. Qc2 Bd7 14. Nd4 Rac8
15. Qe2 Qh4 16. Bd2 a6 17. Nf3 Qe4 18. Bb4 b5 19. Bxc5 Rxc5 20. Bb3 Rfc8 21.
Rfd1 Bc6 22. Rac1 Rxc1 23. Rxc1 Rd8 24. Ne1 Rd6 25. f3 Qh4 26. Nd3 Qd8 27. Bc2
a5 28. Bb1 b4 29. Rd1 Bb5 30. b3 e5 31. Qc2 Qb6 32. Qc8+ Bf8 33. Kf2 f5 34. Qc1
Rc6 35. Qd2 Re6 36. g3 f4 37. h3 Rd6 38. Ke2 fxg3 39. Rg1 e4 40. fxe4 Qc7 41.
Bc2 Bg7 42. Qd1 Be5 43. Qd2 Qd7 44. Rh1 Rf6 45. Rf1 Qxh3 46. Rxf6 Bxf6 47. e5
Qg4+ 48. Kf1 Qf3+ 49. Ke1 Bxe5 50. a4 g2 51. Qxg2 Qxg2 52. Kd1 Bc3 53. Kc1 Bxd3
54. Bxd3 Qb2+ 55. Kd1 Qd2# {Hossa checkmated} 0-1

[Event "ICS rated blitz match"]
[Site "204.178.125.65"]
[Date "2000.10.31"]
[Round "?"]
[White "Hossa"]
[Black "dilworth"]
[Result "0-1"]
[WhiteElo "2605"]
[BlackElo "2621"]
[PlyCount "130"]
[EventDate "2000.??.??"]

1. e4 e6 2. Nf3 d5 3. exd5 exd5 4. Bb5+ c6 5. Bd3 Nf6 6. O-O Be7 7. Re1 O-O 8.
Be2 Bf5 9. d3 Nbd7 10. Nd4 Bg6 11. Bf4 Qb6 12. Nb3 Nc5 13. Be3 Nfd7 14. Nc3 Qc7
15. Nxc5 Bxc5 16. Bxc5 Nxc5 17. Bg4 Qf4 18. Qf3 Qxf3 19. Bxf3 Ne6 20. Ne2 Rad8
21. h4 Rfe8 22. h5 Bf5 23. g4 Ng5 24. Kg2 Bd7 25. Nd4 Nxf3 26. Kxf3 c5 27. Ne2
d4 28. Ng3 Bc6+ 29. Kf4 b6 30. Nf5 Kf8 31. f3 g6 32. Ng3 h6 33. Ne4 Re6 34.
hxg6 fxg6 35. g5 h5 36. Nf6 Rdd6 37. Kg3 Ke7 38. b3 Bb7 39. a4 Rxe1 40. Rxe1+
Re6 41. Ne4 Kd7 42. Rf1 Re7 43. Nf6+ Kc7 44. Kf2 Re3 45. Ne4 Kd7 46. Rh1 Ke6
47. a5 Ke5 48. axb6 axb6 49. Kg3 Re2 50. Rh2 Rxh2 51. Kxh2 Kf4 52. Kg2 Bxe4 53.
dxe4 b5 54. Kf2 c4 55. bxc4 bxc4 56. Ke2 h4 57. e5 Kxe5 58. Kf2 h3 59. Kg3 d3
60. c3 d2 61. Kf2 d1=Q 62. f4+ Ke4 63. f5 h2 64. fxg6 h1=Q 65. Kg3 Qdf3# {
Hossa checkmated} 0-1

[Event "ICS rated standard match"]
[Site "204.178.125.65"]
[Date "2000.10.31"]
[Round "?"]
[White "MODIFICADOR"]
[Black "Hossa"]
[Result "0-1"]
[WhiteElo "2054"]
[BlackElo "2406"]
[PlyCount "54"]
[EventDate "2000.??.??"]

1. c3 c5 2. Nf3 d5 3. g3 Nc6 4. Bg2 e5 5. d3 Nf6 6. O-O Bd6 7. Nbd2 O-O 8. e4
Be6 9. Ng5 Qd7 10. Nxe6 fxe6 11. f3 b5 12. a4 Rab8 13. axb5 Rxb5 14. Bh3 Qe7
15. Kg2 Ra5 16. Rxa5 Nxa5 17. Nb3 Nxb3 18. Qxb3 Qf7 19. c4 Rb8 20. Qa2 Kh8 21.
Rf2 d4 22. Qa6 Qd7 23. Bg5 Rb3 24. Bxf6 gxf6 25. Rd2 Rb6 26. Qa3 Qb7 27. Bxe6
Ra6 {MODIFICADOR resigns} 0-1

[Event "ICS rated standard match"]
[Site "204.178.125.65"]
[Date "2000.10.31"]
[Round "?"]
[White "Hossa"]
[Black "MODIFICADOR"]
[Result "1-0"]
[WhiteElo "2410"]
[BlackElo "2050"]
[PlyCount "57"]
[EventDate "2000.??.??"]

1. e4 c6 2. d4 d6 3. Nf3 Bg4 4. Bf4 Nd7 5. Be2 Bxf3 6. Bxf3 e5 7. dxe5 dxe5 8.
Bg3 Ngf6 9. O-O Bc5 10. Nd2 Qe7 11. Qe2 O-O-O 12. Nc4 g5 13. Ne3 h5 14. Nf5 Qf8
15. h3 g4 16. hxg4 hxg4 17. Bxg4 Nxg4 18. Qxg4 Kb8 19. Bh4 f6 20. c3 Qf7 21. b4
Bf8 22. Rfd1 Kc7 23. a4 Nb6 24. Rxd8 Kxd8 25. Qd1+ Kc7 26. Qd3 Nc4 27. Rd1 Nd6
28. Nxd6 Bxd6 29. Qxd6+ {MODIFICADOR resigns} 1-0

[Event "ICS rated standard match"]
[Site "204.178.125.65"]
[Date "2000.10.31"]
[Round "?"]
[White "MODIFICADOR"]
[Black "Hossa"]
[Result "0-1"]
[WhiteElo "2046"]
[BlackElo "2414"]
[PlyCount "48"]
[EventDate "2000.??.??"]

1. c3 c5 2. Nf3 d5 3. g3 Nc6 4. Bg2 e5 5. d3 Nf6 6. O-O Be7 7. Nbd2 O-O 8. e4
dxe4 9. dxe4 Qd3 10. Re1 Rd8 11. Bf1 Qd6 12. Qc2 Bg4 13. Nc4 Qc7 14. Be2 a6 15.
a4 h6 16. a5 Nd7 17. Be3 Be6 18. Nfd2 Nd4 19. cxd4 cxd4 20. Bxh6 gxh6 21. Bd3
Rac8 22. b3 Bb4 23. Qd1 Nc5 24. Qf3 Nxb3 {MODIFICADOR resigns} 0-1

[Event "ICS rated standard match"]
[Site "204.178.125.65"]
[Date "2000.10.31"]
[Round "?"]
[White "Hossa"]
[Black "MODIFICADOR"]
[Result "1-0"]
[WhiteElo "2417"]
[BlackElo "2043"]
[PlyCount "73"]
[EventDate "2000.??.??"]

1. e4 c6 2. d4 d6 3. Nf3 Bg4 4. Bf4 Nd7 5. Be2 Bxf3 6. Bxf3 e5 7. dxe5 dxe5 8.
Bg3 Ngf6 9. O-O Qc7 10. Nc3 O-O-O 11. Qe2 h5 12. Bh4 Be7 13. Qc4 Rdf8 14. a4
Rhg8 15. Bg5 Nb6 16. Qe2 g6 17. a5 Nbd7 18. Bh6 Re8 19. Qc4 Ref8 20. Bxf8 Rxf8
21. Rfd1 Nc5 22. b4 Ne6 23. Nb1 g5 24. Nd2 g4 25. Be2 h4 26. Qc3 Nd4 27. Bc4
Nh5 28. Nb3 g3 29. hxg3 hxg3 30. Nxd4 exd4 31. Qf3 gxf2+ 32. Qxf2 Ng3 33. Rd3
Bh4 34. Raa3 f5 35. exf5 Rxf5 36. Be6+ Kb8 37. Bxf5 {MODIFICADOR resigns} 1-0

[Event "ICS rated standard match"]
[Site "204.178.125.65"]
[Date "2000.10.31"]
[Round "?"]
[White "Hossa"]
[Black "MODIFICADOR"]
[Result "1-0"]
[WhiteElo "2423"]
[BlackElo "2037"]
[PlyCount "77"]
[EventDate "2000.??.??"]

1. d4 Nf6 2. c4 c6 3. Nc3 d5 4. Nf3 e6 5. cxd5 cxd5 6. e3 Nc6 7. a3 Bd6 8. Bd3
O-O 9. Nb5 Bb8 10. Bd2 a6 11. Nc3 Ne8 12. Qc2 f5 13. b3 Nd6 14. Bc1 Bd7 15. Qa2
Be8 16. Bb2 Bh5 17. Ne2 Bg4 18. h3 Bxf3 19. gxf3 Nf7 20. h4 Bd6 21. f4 Be7 22.
h5 Nd6 23. Rg1 Kh8 24. Rc1 Bf6 25. Nc3 Rc8 26. Ba1 b5 27. Qe2 Ne4 28. h6 gxh6
29. Bxe4 fxe4 30. Qh5 Rg8 31. Rh1 Bg7 32. f5 e5 33. f6 Bxf6 34. Qxh6 Rg7 35.
Nxd5 Qxd5 36. Qxf6 Ne7 37. Rxc8+ Nxc8 38. Rg1 Qg8 39. dxe5 {MODIFICADOR resigns
} 1-0

[Event "ICS rated standard match"]
[Site "204.178.125.65"]
[Date "2000.10.31"]
[Round "?"]
[White "MODIFICADOR"]
[Black "Hossa"]
[Result "0-1"]
[WhiteElo "2034"]
[BlackElo "2426"]
[PlyCount "60"]
[EventDate "2000.??.??"]

1. c3 c5 2. Nf3 d5 3. g3 Nc6 4. Bg2 e5 5. O-O e4 6. Ne1 Nf6 7. d3 Bf5 8. dxe4
dxe4 9. Qxd8+ Rxd8 10. Nc2 Be7 11. Ne3 Bg6 12. Nd2 Bd6 13. Ndc4 Bc7 14. a4 h5
15. h4 O-O 16. Bh3 a6 17. Nf5 Ng4 18. Bxg4 hxg4 19. Nfe3 f5 20. Ng2 Bf7 21. Na3
Bb3 22. Bf4 Bxf4 23. Nxf4 Rd2 24. Rab1 Kf7 25. h5 Rfd8 26. f3 gxf3 27. exf3 Ne5
28. fxe4 fxe4 29. Ng6+ Nf3+ 30. Rxf3+ exf3 {MODIFICADOR resigns} 0-1

[Event "ICS rated standard match"]
[Site "204.178.125.65"]
[Date "2000.10.31"]
[Round "?"]
[White "Hossa"]
[Black "MODIFICADOR"]
[Result "1-0"]
[WhiteElo "2429"]
[BlackElo "2031"]
[PlyCount "46"]
[EventDate "2000.??.??"]

1. e4 c6 2. d4 d6 3. Nf3 Bg4 4. Bf4 Nd7 5. Be2 Bxf3 6. Bxf3 e5 7. dxe5 dxe5 8.
Bg3 Ngf6 9. O-O Bc5 10. Nd2 Qc7 11. Qe2 O-O-O 12. a4 g5 13. Nb3 h5 14. Nxc5
Nxc5 15. Qe3 h4 16. Bxh4 Rxh4 17. Qxc5 g4 18. g3 gxf3 19. gxh4 Kb8 20. Qe3 Rg8+
21. Kh1 Rg4 22. Qxf3 Qc8 23. Qxf6 Rf4 {MODIFICADOR resigns} 1-0

[Event "ICS rated standard match"]
[Site "204.178.125.65"]
[Date "2000.10.31"]
[Round "?"]
[White "Hossa"]
[Black "MODIFICADOR"]
[Result "1-0"]
[WhiteElo "2435"]
[BlackElo "2025"]
[PlyCount "59"]
[EventDate "2000.??.??"]

1. e4 c6 2. d4 d6 3. Nf3 Bg4 4. Bf4 Nd7 5. Be2 Bxf3 6. Bxf3 e5 7. dxe5 dxe5 8.
Bg3 Ngf6 9. O-O Qc7 10. Nc3 O-O-O 11. Qe2 h5 12. Bh4 Nc5 13. Bxf6 gxf6 14. Bxh5
Ne6 15. Bg4 Kb8 16. Rad1 Nf4 17. Rxd8+ Qxd8 18. Qc4 Qe8 19. Rd1 Bh6 20. h3 Ne6
21. a4 Nd4 22. Ne2 Nxe2+ 23. Qxe2 Bf8 24. Rd7 Bc5 25. Qc4 Bb6 26. Qxf7 Qxf7 27.
Rxf7 Bd8 28. Bf5 Re8 29. h4 Be7 30. Bd7 {MODIFICADOR resigns} 1-0

[Event "ICS rated standard match"]
[Site "204.178.125.65"]
[Date "2000.10.31"]
[Round "?"]
[White "MODIFICADOR"]
[Black "Hossa"]
[Result "0-1"]
[WhiteElo "2022"]
[BlackElo "2438"]
[PlyCount "76"]
[EventDate "2000.??.??"]

1. c3 c5 2. Nf3 d5 3. g3 Nc6 4. Bg2 e5 5. d3 Nf6 6. O-O Bd6 7. Nbd2 O-O 8. e4
Be6 9. Ng5 Qd7 10. Nxe6 fxe6 11. f3 b5 12. a4 Rab8 13. axb5 Rxb5 14. Bh3 Qe7
15. Kg2 Ra5 16. Rxa5 Nxa5 17. Qa4 Bc7 18. b4 cxb4 19. cxb4 Nb7 20. Qxa7 Rb8 21.
Ba3 Nd7 22. Rc1 Bb6 23. Qa6 Nd8 24. Nb3 Rb7 25. exd5 Ra7 26. Qc8 Rxa3 27. Nc5
Nf8 28. dxe6 Ra2+ 29. Kh1 Qf6 30. Rf1 Bxc5 31. bxc5 Ndxe6 32. c6 Rc2 33. Bxe6+
Qxe6 34. Qxe6+ Nxe6 35. Re1 Nd4 36. Re3 Nxc6 37. f4 exf4 38. gxf4 Rd2 {
MODIFICADOR resigns} 0-1

[Event "ICS rated standard match"]
[Site "204.178.125.65"]
[Date "2000.10.31"]
[Round "?"]
[White "MODIFICADOR"]
[Black "Hossa"]
[Result "0-1"]
[WhiteElo "2016"]
[BlackElo "2444"]
[PlyCount "90"]
[EventDate "2000.??.??"]

1. c3 c5 2. Nf3 d5 3. g3 Nc6 4. Bg2 e5 5. d3 Nf6 6. O-O Bd6 7. Nbd2 O-O 8. e4
Be6 9. Ng5 Qd7 10. Nxe6 fxe6 11. f3 b5 12. a4 Rab8 13. axb5 Rxb5 14. Bh3 Qe7
15. Kg2 Ra5 16. Rxa5 Nxa5 17. Qa4 Bc7 18. b4 cxb4 19. cxb4 Nb7 20. Qxa7 Bd6 21.
Ba3 Kh8 22. Rc1 Bxb4 23. Bxb4 Qxb4 24. Qa2 Nc5 25. Qc2 Nfd7 26. exd5 exd5 27.
Bxd7 Nxd7 28. Qc3 Qb6 29. Nb3 Qe3 30. Rf1 e4 31. Nd4 Rg8 32. fxe4 dxe4 33. Re1
Qxd3 34. Qxd3 exd3 35. Rd1 Nc5 36. Kf3 Rf8+ 37. Ke3 Re8+ 38. Kd2 Ne4+ 39. Kc1
d2+ 40. Kc2 Rc8+ 41. Kb2 Rd8 42. Nf3 Rd3 43. Ne5 Re3 44. Kc2 h5 45. Nc4 Rc3+ {
MODIFICADOR resigns} 0-1

[Event "ICS rated standard match"]
[Site "204.178.125.65"]
[Date "2000.10.31"]
[Round "?"]
[White "Hossa"]
[Black "MODIFICADOR"]
[Result "1-0"]
[WhiteElo "2447"]
[BlackElo "2013"]
[PlyCount "41"]
[EventDate "2000.??.??"]

1. e4 c6 2. d4 d6 3. Nf3 Bg4 4. Bf4 Nd7 5. Be2 Bxf3 6. Bxf3 e5 7. dxe5 dxe5 8.
Bg3 Ngf6 9. O-O Be7 10. Nc3 Qc7 11. a3 O-O-O 12. Qe2 g5 13. Qe3 Rdg8 14. Qxa7
h5 15. h4 Ng4 16. hxg5 Bxg5 17. Rad1 Ngf6 18. Qa8+ Nb8 19. b4 h4 20. Bh2 Nh5
21. Bg4+ {MODIFICADOR resigns} 1-0

[Event "ICS rated standard match"]
[Site "204.178.125.65"]
[Date "2000.10.31"]
[Round "?"]
[White "MODIFICADOR"]
[Black "Hossa"]
[Result "0-1"]
[WhiteElo "2011"]
[BlackElo "2449"]
[PlyCount "62"]
[EventDate "2000.??.??"]

1. c3 e5 2. e4 d5 3. d3 dxe4 4. dxe4 Qxd1+ 5. Kxd1 Nf6 6. f3 Bc5 7. Nd2 O-O 8.
Kc2 a5 9. Nc4 Nc6 10. Be3 Be7 11. g4 Rd8 12. Ne2 a4 13. Ng3 Be6 14. Nf5 Bf8 15.
Be2 Nd7 16. Rhd1 b5 17. Nd2 Rab8 18. Nf1 b4 19. Rd2 Bxa2 20. Bf2 Bb3+ 21. Kc1
bxc3 22. bxc3 Na5 23. Bh4 f6 24. N5e3 a3 25. Bf2 Bd5 26. Bd1 Bf7 27. Nd5 Nc4
28. Rda2 c6 29. Nde3 Nc5 30. Bc2 Nb2 31. Rxa3 Ncd3+ {MODIFICADOR resigns} 0-1

[Event "ICS rated blitz match"]
[Site "204.178.125.65"]
[Date "2000.10.31"]
[Round "?"]
[White "Amateur"]
[Black "Hossa"]
[Result "0-1"]
[WhiteElo "2571"]
[BlackElo "2590"]
[PlyCount "126"]
[EventDate "2000.??.??"]

1. Nf3 Nf6 2. c4 e6 3. Nc3 Bb4 4. Qb3 Nc6 5. e4 d6 6. Bd3 e5 7. Nd5 Bc5 8. O-O
a5 9. Bc2 a4 10. Qc3 Bg4 11. Qd3 Nxd5 12. cxd5 Nb4 13. Qc4 Nxc2 14. Qxc2 Bxf3
15. gxf3 Qg5+ 16. Kh1 Qh5 17. Qd1 f5 18. d3 fxe4 19. dxe4 O-O 20. Be3 Rxf3 21.
Bxc5 dxc5 22. a3 Ra6 23. Rg1 Qf7 24. Rg2 Rxf2 25. Rxf2 Qxf2 26. Qg4 h5 27. Qc8+
Kh7 28. Qh3 Kh6 29. Rb1 Rb6 30. Qg3 Qxg3 31. hxg3 Rb3 32. g4 hxg4 33. Rc1 b6
34. Rc2 Kg5 35. Rf2 g6 36. Kg1 g3 37. Re2 Kf4 38. Kg2 c4 39. Rc2 b5 40. Kh3
Kxe4 41. Kg4 c3 42. bxc3 Rxa3 43. Kxg3 b4 44. Rd2 bxc3 45. Re2+ Kd3 46. Kf2 c2
47. Re3+ Kd4 48. Re1 Rd3 49. d6 Rd2+ 50. Kg3 cxd6 51. Ra1 Kc3 52. Kh3 Rd3+ 53.
Kg4 Kb2 54. Re1 a3 55. Kg5 c1=Q+ 56. Rxc1 Kxc1 57. Kxg6 Rf3 58. Kg5 a2 59. Kg4
Rf4+ 60. Kh5 a1=Q 61. Kg5 Qc3 62. Kh5 Qg3 63. Kh6 Rh4# {Amateur checkmated} 0-1

[Event "ICS rated blitz match"]
[Site "204.178.125.65"]
[Date "2000.10.31"]
[Round "?"]
[White "Hossa"]
[Black "Amateur"]
[Result "1-0"]
[WhiteElo "2605"]
[BlackElo "2556"]
[PlyCount "141"]
[EventDate "2000.??.??"]

1. e4 e5 2. Nf3 Nc6 3. Bb5 a6 4. Bxc6 dxc6 5. O-O f6 6. d4 exd4 7. Nxd4 c5 8.
Nb3 Qxd1 9. Rxd1 Bg4 10. f3 Be6 11. Be3 b6 12. a4 Bd6 13. a5 Be5 14. Nc3 Ne7
15. Na4 c4 16. Nd4 Bxd4 17. Bxd4 bxa5 18. Nc5 Kf7 19. Rxa5 Nc6 20. Rxa6 Rxa6
21. Nxa6 Rd8 22. c3 Rc8 23. h4 h5 24. Kf2 Na5 25. Be3 Nb3 26. Bf4 c6 27. Nb4 c5
28. Nd5 Ra8 29. Nc7 Ra2 30. Rb1 Bd7 31. Ke3 Kg6 32. Bg3 Kh7 33. Nd5 Kh6 34. Bd6
Kh7 35. Nf4 Ra6 36. Rd1 Be8 37. e5 fxe5 38. Bxe5 Ra7 39. Rd6 g6 40. Ne6 Kh6 41.
Ng5 Rd7 42. Re6 Bf7 43. Rf6 Bg8 44. Rf8 Rg7 45. Bxg7+ Kxg7 46. Rc8 Bd5 47. Rc7+
Kf6 48. Rd7 Bg8 49. Ne4+ Kf5 50. Rd8 Bf7 51. Rf8 Ke6 52. Ng5+ Kd5 53. Rxf7 Na1
54. Rd7+ Kc6 55. Rg7 Nc2+ 56. Kd2 Na1 57. Rxg6+ Kd7 58. Rh6 Nb3+ 59. Ke3 Nc1
60. Rxh5 Nd3 61. Ne4 Kc7 62. Rxc5+ Kd8 63. Rxc4 Ne5 64. Rd4+ Ke7 65. b3 Kf8 66.
Nc5 Nc6 67. Rd6 Ne5 68. Re6 Nf7 69. g4 Kg7 70. f4 Nh6 71. Rxh6 {Amateur resigns
} 1-0

[Event "ICS Rated blitz match"]
[Site "204.178.125.65"]
[Date "2000.10.31"]
[Round "?"]
[White "Hossa"]
[Black "QueenMaxima"]
[Result "1/2-1/2"]
[WhiteElo "2619"]
[BlackElo "2616"]
[PlyCount "151"]
[EventDate "2000.??.??"]

1. e4 c5 2. Nf3 d6 3. b4 cxb4 4. d4 Nf6 5. Bd3 Nc6 6. d5 Ne5 7. Nxe5 dxe5 8.
Bb2 Qc7 9. Qd2 a5 10. Qg5 Nd7 11. Nd2 h6 12. Qg3 g6 13. O-O Bg7 14. Rac1 O-O
15. c3 Qd6 16. Nc4 Qb8 17. Nd2 Rd8 18. Bb5 Qd6 19. Rfe1 Nb6 20. c4 Bd7 21. c5
Qb8 22. cxb6 Bxb5 23. Rc5 Rc8 24. Rxb5 Rc2 25. Qb3 Rxd2 26. Bc1 Rd4 27. Qc2 Qe8
28. Rc5 b3 29. axb3 Rb4 30. Be3 Rxb6 31. Rxa5 Rxa5 32. Bxb6 Ra6 33. Qc7 Qb5 34.
Bc5 Qxb3 35. Qd8+ Kh7 36. Qxe7 Ra2 37. Be3 Rb2 38. Qxf7 Rb1 39. Bd2 Rxe1+ 40.
Bxe1 Qb1 41. h3 Qxe1+ 42. Kh2 Qxe4 43. Qxb7 Qd4 44. Kg1 e4 45. h4 Qf6 46. g3
Qf3 47. d6 Qd1+ 48. Kg2 Qxd6 49. Qxe4 Qd1 50. f3 Qd2+ 51. Kh3 Qd7+ 52. g4 h5
53. Kg3 Qc7+ 54. Kg2 hxg4 55. h5 gxf3+ 56. Kxf3 Qf7+ 57. Kg3 Qb3+ 58. Kf2 Bd4+
59. Qxd4 gxh5 60. Qe4+ Kg7 61. Qe5+ Kg6 62. Qg3+ Qxg3+ 63. Kxg3 Kg5 64. Kh3 h4
65. Kg2 Kg4 66. Kh2 h3 67. Kg1 Kg5 68. Kh1 Kh5 69. Kh2 Kh4 70. Kg1 Kg3 71. Kh1
Kf4 72. Kh2 Kg4 73. Kg1 Kf5 74. Kh1 Ke4 75. Kh2 Kf4 76. Kxh3 {
Game drawn because neither player has mating material} 1/2-1/2

[Event "ICS rated blitz match"]
[Site "204.178.125.65"]
[Date "2000.10.31"]
[Round "?"]
[White "QueenMaxima"]
[Black "Hossa"]
[Result "1-0"]
[WhiteElo "2616"]
[BlackElo "2619"]
[PlyCount "157"]
[EventDate "2000.??.??"]

1. e4 e5 2. Nf3 Nf6 3. Nxe5 Qe7 4. Nf3 Qxe4+ 5. Be2 Be7 6. Nc3 Qf5 7. O-O O-O
8. Re1 Nc6 9. d4 Bb4 10. Bd3 Qa5 11. Bd2 d6 12. a3 Bxc3 13. bxc3 Bg4 14. h3
Bxf3 15. Qxf3 Rfe8 16. Reb1 Nxd4 17. cxd4 Qxd2 18. Rxb7 c5 19. Bc4 Re1+ 20.
Rxe1 Qxe1+ 21. Kh2 Rf8 22. Rxa7 d5 23. Bxd5 cxd4 24. Bc4 Qe5+ 25. Qg3 Qxg3+ 26.
Kxg3 Ne4+ 27. Kf4 Nxf2 28. Ke5 g5 29. Kxd4 g4 30. h4 Kg7 31. Rb7 h6 32. h5 Nh1
33. Be6 Ng3 34. Bxg4 Rd8+ 35. Kc3 Kf6 36. Bf3 Rc8+ 37. Kb3 Nf1 38. Rb6+ Kg5 39.
Rd6 Ne3 40. c3 Rb8+ 41. Ka2 f6 42. a4 Rc8 43. Rd3 Kf4 44. Kb1 Rg8 45. Rd2 Rg7
46. Rd4+ Kf5 47. g4+ Kg5 48. Ka2 Rc7 49. Kb2 Rc8 50. Re4 Nd5 51. c4 Nb6 52. Kb3
Nd7 53. Ka3 Ne5 54. Be2 Rb8 55. Rd4 Rb1 56. c5 Rc1 57. Rd5 Kh4 58. Kb4 Nxg4 59.
a5 Ne3 60. Rd3 Nc2+ 61. Kb5 Re1 62. c6 Rxe2 63. c7 Re8 64. Rd8 Re5+ 65. Kb6
Re6+ 66. Kb7 Re7 67. a6 Na3 68. Rd4+ Kxh5 69. Rd5+ Kg6 70. a7 Nc4 71. a8=Q Kg7
72. Qd8 Na5+ 73. Rxa5 Rf7 74. Ra3 Rxc7+ 75. Kxc7 Kg6 76. Qd5 f5 77. Rg3+ Kf6
78. Kd7 h5 79. Qe6# {Hossa checkmated} 1-0

[Event "ICS rated standard match"]
[Site "204.178.125.65"]
[Date "2000.10.31"]
[Round "?"]
[White "Hossa"]
[Black "Amateur"]
[Result "1-0"]
[WhiteElo "2451"]
[BlackElo "2311"]
[PlyCount "121"]
[EventDate "2000.??.??"]

1. e4 e5 2. Nf3 Nc6 3. Bb5 a6 4. Ba4 Nf6 5. O-O b5 6. Bb3 Bc5 7. c3 d6 8. a4
Bg4 9. d3 b4 10. Be3 Bxe3 11. fxe3 O-O 12. h3 Bd7 13. Nbd2 Rb8 14. c4 Qe7 15.
a5 Rb7 16. Qe2 Rbb8 17. Qf2 Rbe8 18. Ba4 Qd8 19. Qg3 Nh5 20. Qe1 Re6 21. Nh4
Na7 22. Bd1 Rh6 23. Nf5 Bxf5 24. Rxf5 Nf6 25. Ba4 c5 26. Nb3 Nc8 27. Qe2 Rg6
28. Raf1 Ne7 29. R5f3 Qc8 30. Qf2 Rh6 31. Qg3 Qe6 32. R3f2 Nh5 33. Qf3 Qg6 34.
g4 Nf6 35. Nd2 Qg5 36. Rh2 Rg6 37. Qf2 Qh6 38. Kh1 Rb8 39. Bd1 Rf8 40. Rg1 Nd7
41. Nf3 f6 42. h4 Rxg4 43. Rxg4 Nb8 44. Ba4 Nbc6 45. Rg1 Nxa5 46. Bd7 Nb7 47.
Be6+ Kh8 48. h5 a5 49. Nh4 Nd8 50. Bd5 a4 51. Ng6+ hxg6 52. hxg6 Ng8 53. Bxg8
Kxg8 54. Rxh6 gxh6 55. Qf5 Re8 56. Qd7 d5 57. Qh7+ Kf8 58. g7+ Ke7 59. g8=Q+
Nf7 60. Qgxf7+ Kd6 61. Qxd5# {Amateur checkmated} 1-0

[Event "ICS rated blitz match"]
[Site "204.178.125.65"]
[Date "2000.10.31"]
[Round "?"]
[White "Hossa"]
[Black "Tinker"]
[Result "1-0"]
[WhiteElo "2603"]
[BlackElo "2314"]
[PlyCount "85"]
[EventDate "2000.??.??"]

1. e4 e5 2. Bc4 d6 3. Nf3 Nc6 4. d4 Bg4 5. h3 Bxf3 6. Qxf3 Nf6 7. d5 Nd4 8. Qd3
Qd7 9. c3 b5 10. cxd4 bxc4 11. Qxc4 Be7 12. dxe5 dxe5 13. Be3 O-O 14. O-O Rab8
15. Qc2 Rfc8 16. Bxa7 Rb4 17. Be3 Rxe4 18. Nc3 Rc4 19. b3 Rh4 20. Rfd1 Bb4 21.
Bg5 Bxc3 22. Qxc3 Ne4 23. Qb4 Rh5 24. Be3 Nf6 25. d6 cxd6 26. Rxd6 Qe7 27. Rc6
Qd7 28. Rxc8+ Qxc8 29. Rd1 e4 30. Qe7 Rd5 31. Rxd5 Nxd5 32. Qxe4 Nc3 33. Qc2
Qc7 34. Bd4 Nb5 35. Qxc7 Nxc7 36. a4 Na6 37. Kf1 h5 38. Ke2 h4 39. Kd3 f5 40.
Kc4 Nb8 41. a5 Nc6 42. a6 Kh8 43. Kc5 {Tinker resigns} 1-0

[Event "ICS rated blitz match"]
[Site "204.178.125.65"]
[Date "2000.10.31"]
[Round "?"]
[White "Tinker"]
[Black "Hossa"]
[Result "0-1"]
[WhiteElo "2309"]
[BlackElo "2608"]
[PlyCount "84"]
[EventDate "2000.??.??"]

1. e4 e5 2. Nf3 Nc6 3. d4 exd4 4. Nxd4 Nf6 5. Nxc6 bxc6 6. e5 Qe7 7. Qe2 Nd5 8.
Bd2 g6 9. c4 Nb6 10. Na3 Bg7 11. f4 d5 12. Qe3 O-O 13. Be2 f6 14. c5 Nd7 15.
exf6 Qxe3 16. Bxe3 Bxf6 17. O-O-O Re8 18. Nc2 Nxc5 19. Rhe1 Be7 20. Bb5 Bd7 21.
g3 cxb5 22. Rxd5 Be6 23. Rxc5 Bxc5 24. Bxc5 Bxa2 25. Rxe8+ Rxe8 26. Bxa7 Bc4
27. Nd4 Re1+ 28. Kd2 Rh1 29. h4 Rg1 30. b3 Rg2+ 31. Ke1 Bd3 32. b4 Rxg3 33. Ne6
Rg4 34. h5 gxh5 35. Be3 h4 36. Ng5 h6 37. Nh3 Rg2 38. Bd4 Re2+ 39. Kd1 Re4 40.
Be5 Rxb4 41. Kd2 Bf5 42. Bc3 Ra4 {Tinker resigns} 0-1

[Event "ICS rated blitz match"]
[Site "204.178.125.65"]
[Date "2000.10.31"]
[Round "?"]
[White "Hossa"]
[Black "Tinker"]
[Result "1-0"]
[WhiteElo "2613"]
[BlackElo "2304"]
[PlyCount "101"]
[EventDate "2000.??.??"]

1. e4 e5 2. Nf3 Nc6 3. Bb5 Nge7 4. Nc3 a6 5. Ba4 d6 6. d4 b5 7. Bb3 exd4 8. Nd5
Bg4 9. O-O Na5 10. Qxd4 c6 11. Nxe7 Nxb3 12. axb3 Qxe7 13. Qb6 Qa7 14. Qxc6+
Bd7 15. Qc3 Qb6 16. Bg5 h6 17. Bf4 b4 18. Qd2 Be7 19. Rfd1 Bg4 20. Bxd6 Rd8 21.
e5 Bf8 22. Qe2 Qb5 23. Qxb5+ axb5 24. Ra7 Rc8 25. Rd2 Rg8 26. Nd4 Bd7 27. f4
Bxd6 28. exd6 Kd8 29. Nf3 f6 30. h3 Re8 31. Kf2 Rc5 32. Nd4 Re4 33. Kf3 Re1 34.
Re2 Rxe2 35. Kxe2 Ke8 36. Ke3 Rd5 37. Ra6 g6 38. Ke4 Rc5 39. Ra8+ Bc8 40. Ra7
Kd8 41. Rh7 h5 42. h4 Ke8 43. Re7+ Kd8 44. Ke3 Bg4 45. Rf7 Ke8 46. Rxf6 Bd1 47.
Rxg6 Rd5 48. Ke4 Rxd4+ 49. Kxd4 Kd8 50. Kd3 Kd7 51. Kd2 {Tinker resigns} 1-0

[Event "ICS rated blitz match"]
[Site "204.178.125.65"]
[Date "2000.10.31"]
[Round "?"]
[White "salzi"]
[Black "Hossa"]
[Result "0-1"]
[WhiteElo "2124"]
[BlackElo "2618"]
[PlyCount "36"]
[EventDate "2000.??.??"]

1. d4 Nf6 2. c4 e6 3. Nc3 Bb4 4. Bd2 O-O 5. Nf3 d5 6. e3 c5 7. a3 cxd4 8. exd4
Be7 9. h3 dxc4 10. Bxc4 Nc6 11. Be3 Bd7 12. O-O Na5 13. Ba2 Qc7 14. Rc1 Nc4 15.
Ne2 Nxe3 16. Rxc7 Nxd1 17. Rxd1 Bd6 18. Rxb7 Bc6 {salzi resigns} 0-1

[Event "ICS rated blitz match"]
[Site "204.178.125.65"]
[Date "2000.10.31"]
[Round "?"]
[White "Hossa"]
[Black "salzi"]
[Result "1-0"]
[WhiteElo "2620"]
[BlackElo "2122"]
[PlyCount "29"]
[EventDate "2000.??.??"]

1. e4 c5 2. Nf3 d6 3. d4 cxd4 4. Nxd4 Nf6 5. Nc3 a6 6. Bg5 Nbd7 7. Bc4 Qa5 8.
Qd2 e6 9. O-O h6 10. Bh4 g5 11. Bg3 Nh5 12. Bxe6 fxe6 13. Nxe6 Ne5 14. b4 Qb6
15. Nd5 {salzi resigns} 1-0

[Event "ICS rated blitz match"]
[Site "204.178.125.65"]
[Date "2000.10.31"]
[Round "?"]
[White "Hossa"]
[Black "Amateur"]
[Result "0-1"]
[WhiteElo "2622"]
[BlackElo "2561"]
[PlyCount "104"]
[EventDate "2000.??.??"]

1. e4 c6 2. d4 d5 3. Nc3 dxe4 4. Nxe4 Nd7 5. Nf3 Ndf6 6. Ng3 Qa5+ 7. c3 Bg4 8.
Bc4 e6 9. O-O h5 10. b4 Qc7 11. Qd3 h4 12. Ne2 Bf5 13. Qd1 h3 14. gxh3 Bd6 15.
h4 Bh3 16. Re1 Bg4 17. Ng3 Rxh4 18. a4 O-O-O 19. a5 Rh3 20. a6 Bxg3 21. axb7+
Kxb7 22. Ba6+ Ka8 23. fxg3 Rxg3+ 24. hxg3 Qxg3+ 25. Kf1 Bxf3 26. Re2 Qh3+ 27.
Ke1 Ne4 28. Rxe4 Qh1+ 29. Bf1 Bxd1 30. Rf4 Bf3 31. Be3 Nf6 32. Ra5 e5 33. Rxe5
Ng4 34. Re7 Qh4+ 35. Kd2 Qxe7 36. Rxf3 Re8 37. Bc4 f5 38. Bf4 Qe1+ 39. Kc2 Qe4+
40. Rd3 Qxf4 41. Bf7 Re2+ 42. Kb3 Nf2 43. Bh5 Nxd3 44. Bxe2 Nc1+ 45. Kc2 Nxe2
46. Kd3 Qf3+ 47. Kd2 Nxc3 48. Kc2 Ne4 49. Kb2 Qc3+ 50. Ka2 Nd2 51. b5 Qc2+ 52.
Ka3 Qb3# {Hossa checkmated} 0-1

[Event "ICS rated standard match"]
[Site "204.178.125.65"]
[Date "2000.10.31"]
[Round "?"]
[White "Hossa"]
[Black "Tinker"]
[Result "1-0"]
[WhiteElo "2461"]
[BlackElo "2339"]
[PlyCount "59"]
[EventDate "2000.??.??"]

1. e4 e5 2. Nf3 Nc6 3. Bb5 Nf6 4. O-O Bd6 5. d4 Nxe4 6. dxe5 Nxe5 7. Re1 f5 8.
Nxe5 Qh4 9. g3 Qf6 10. Nd3 Be7 11. Bc4 c6 12. Bb3 a5 13. a4 h6 14. f3 Ng5 15.
Bd2 d5 16. Bc3 Qf7 17. Kh1 Rh7 18. Nd2 Kf8 19. Ba2 Nh3 20. f4 g5 21. Kg2 g4 22.
Ne5 Qe8 23. Nb3 Ra6 24. Nxa5 Qh5 25. Qd2 Bd6 26. Bb4 Bxb4 27. Qxb4+ Kg8 28.
Naxc6 bxc6 29. Qb8 Rha7 30. Qxc8+ {Tinker resigns} 1-0